[Event "GER-ch52 final email"]
[Site "GER email"]
[Date "2022.04.15"]
[Round "?"]
[White "Bars, Joachim"]
[Black "Heide, Eckhard"]
[Result "1/2-1/2"]
[WhiteElo "2417"]
[BlackElo "2208"]
[PlyCount "101"]
[EventDate "2022.??.??"]
[EventType "tourn (corr)"]
[EventRounds "14"]
[EventCountry "GER"]
[SourceTitle "Corr 2024"]
[Source "ChessBase"]
[SourceDate "2023.10.19"]
[SourceVersion "1"]
[SourceVersionDate "2023.10.19"]
[SourceQuality "1"]

1. d4 Nf6 2. c4 e6 3. Nf3 b6 4. g3 Ba6 5. Qc2 Bb7 6. Bg2 c5 7. d5 exd5 8. cxd5 Nxd5 9. 0-0 Be7 10. Rd1 Nc6 11. Qa4 Nf6 12. Nh4 g6 13. Bh6 Bf8 14. Bg5 Be7 15. Nc3 0-0 16. Rd2 Rb8 17. Bf4 Rc8 18. Rad1 a6 19. Bd6 Re8 20. Qf4 Nh5 21. Bxe7 Qxe7 22. Qh6 Nf6 23. Rd6 Nd4 24. Bxb7 Qxd6 25. e3 Ne2+ 26. Kf1 Qb8 27. Bxc8 Nxc3 28. bxc3 Qxc8 29. Nf5 gxf5 30. Qxf6 Re6 31. Qxf5 Qc6 32. Qd5 Qb5+ 33. Kg2 d6 34. Rd2 Kg7 35. Qg5+ Rg6 36. Qd5 Re6 37. e4 Qb1 38. f3 b5 39. Re2 Qc1 40. Qd3 Qg5 41. a4 Qe5 42. axb5 axb5 43. Rd2 h6 44. Qc2 Qf6 45. Qb2 Re7 46. Qxb5 Qxc3 47. Qd3 Qxd3 48. Rxd3 Rd7 49. Rd5 f6 50. Kf2 Kf7 51. Ke3 1/2-1/2

[Event "GER-ch52 final email"]
[Site "GER email"]
[Date "2022.04.15"]
[Round "?"]
[White "Heide, Eckhard"]
[Black "Hildebrand, Gerald"]
[Result "1/2-1/2"]
[WhiteElo "2208"]
[BlackElo "2390"]
[PlyCount "94"]
[EventDate "2022.??.??"]
[EventType "tourn (corr)"]
[EventRounds "14"]
[EventCountry "GER"]
[SourceTitle "Corr 2024"]
[Source "ChessBase"]
[SourceDate "2023.10.19"]
[SourceVersion "1"]
[SourceVersionDate "2023.10.19"]
[SourceQuality "1"]

1. e4 c5 2. Nf3 d6 3. d4 cxd4 4. Nxd4 Nf6 5. Nc3 a6 6. Be3 Ng4 7. Bg5 h6 8. Bh4 g5 9. Bg3 Bg7 10. h3 Nf6 11. Qf3 0-0 12. 0-0-0 Nc6 13. Nxc6 bxc6 14. e5 Nd5 15. Nxd5 cxd5 16. h4 g4 17. Qxd5 Rb8 18. Qe4 Qb6 19. b3 Qa5 20. Bd3 f5 21. exf6 Rxf6 22. a4 Bf5 23. Qe3 Be6 24. h5 Qb4 25. Rde1 Bxb3 26. cxb3 Rc8+ 27. Bc2 d5 28. Re2 Rc3 29. Qd2 Qa3+ 30. Kd1 d4 31. Rhe1 Qa1+ 32. Qc1 Qxc1+ 33. Kxc1 Rfc6 34. Rd2 d3 35. Re3 Rxc2+ 36. Rxc2 Rxc2+ 37. Kd1 Rc3 38. Kd2 Rxb3 39. Re4 Kf7 40. Rxg4 e5 41. Ke3 Bf6 42. Bh4 Bxh4 43. Rxh4 Rb2 44. g3 Kf6 45. f3 Rg2 46. g4 e4 47. fxe4 d2 1/2-1/2

[Event "GER-ch52 final email"]
[Site "GER email"]
[Date "2022.04.15"]
[Round "?"]
[White "Heide, Eckhard"]
[Black "Schumacher, Frank"]
[Result "1/2-1/2"]
[WhiteElo "2208"]
[BlackElo "2352"]
[PlyCount "92"]
[EventDate "2022.??.??"]
[EventType "tourn (corr)"]
[EventRounds "14"]
[EventCountry "GER"]
[SourceTitle "Corr 2024"]
[Source "ChessBase"]
[SourceDate "2023.10.19"]
[SourceVersion "1"]
[SourceVersionDate "2023.10.19"]
[SourceQuality "1"]

1. e4 e5 2. Nf3 Nc6 3. Bb5 a6 4. Ba4 Nf6 5. 0-0 Be7 6. Re1 b5 7. Bb3 0-0 8. h3 Bb7 9. d3 d5 10. exd5 Nxd5 11. Nxe5 Nd4 12. Nd2 c5 13. Ndf3 Nxb3 14. axb3 f6 15. Ng4 Qd7 16. d4 cxd4 17. Qxd4 Rfd8 18. Ne3 Nb4 19. Qxd7 Rxd7 20. c3 Nd3 21. Rd1 Rad8 22. Nf5 Bc5 23. N3d4 Nxc1 24. Rdxc1 Bb6 25. Ne6 Re8 26. Ned4 g6 27. Ne3 Bxd4 28. cxd4 Re4 29. d5 f5 30. Rd1 Kf7 31. g3 f4 32. gxf4 Rxf4 33. Rd3 Ke8 34. Rad1 Rdf7 35. Ng4 R7f5 36. R1d2 Kd7 37. Ne3 Rg5+ 38. Kh2 Kd6 39. Rd4 Rxd4 40. Rxd4 Re5 41. Rd3 Rh5 42. Kg3 Rg5+ 43. Kh2 Re5 44. Kg3 Rg5+ 45. Kh2 Rh5 46. Kg3 Rg5+ 1/2-1/2

[Event "GER-ch52 final email"]
[Site "GER email"]
[Date "2022.04.15"]
[Round "?"]
[White "Koestner, Wolfgang"]
[Black "Heide, Eckhard"]
[Result "1/2-1/2"]
[WhiteElo "2367"]
[BlackElo "2208"]
[PlyCount "137"]
[EventDate "2022.??.??"]
[EventType "tourn (corr)"]
[EventRounds "14"]
[EventCountry "GER"]
[SourceTitle "Corr 2024"]
[Source "ChessBase"]
[SourceDate "2023.10.19"]
[SourceVersion "1"]
[SourceVersionDate "2023.10.19"]
[SourceQuality "1"]

1. Nf3 Nf6 2. c4 g6 3. Nc3 Bg7 4. e4 d6 5. d4 0-0 6. h3 e5 7. d5 Nh5 8. g3 f5 9. exf5 gxf5 10. Nh4 Nf4 11. Bd2 Ng6 12. Nxg6 hxg6 13. h4 Nd7 14. Qc2 Nf6 15. 0-0-0 a6 16. Re1 Qe8 17. f3 b5 18. Rg1 b4 19. Nd1 a5 20. g4 fxg4 21. Bd3 e4 22. Bxe4 Nxe4 23. Rxe4 Qd8 24. Bg5 Bf6 25. Rf4 Bf5 26. Qd2 Bxg5 27. hxg5 Bd7 28. Rh1 Rxf4 29. Qxf4 Qf8 30. Qh2 Qg7 31. Nf2 Rf8 32. Ne4 Rxf3 33. Nf6+ Rxf6 34. gxf6 Qxf6 35. Qh7+ Kf8 36. Qh8+ Qxh8 37. Rxh8+ Kg7 38. Rh1 c6 39. dxc6 Bxc6 40. Rg1 Bf3 41. Kd2 Kf6 42. Ke3 Ke5 43. b3 g5 44. Rf1 Ke6 45. Re1 Kd7 46. Kf2 Bc6 47. Re2 Bf3 48. Re3 Bc6 49. Kg3 Bf3 50. Rd3 Kc6 51. Rd4 Kc5 52. Rd2 Kc6 53. Rh2 d5 54. cxd5+ Kxd5 55. Rh5 Kd4 56. Rh7 Kc5 57. Ra7 Kb6 58. Re7 Bd1 59. Re1 Bc2 60. Re2 Bb1 61. Rb2 Bf5 62. Rd2 Bb1 63. Kxg4 a4 64. Rd4 Kc5 65. Rc4+ Kb5 66. a3 bxa3 67. Rxa4 a2 68. Kxg5 Kc5 69. Kf4 1/2-1/2

[Event "GER-ch52 final email"]
[Site "GER email"]
[Date "2022.04.15"]
[Round "?"]
[White "Krauss, Heiko"]
[Black "Heide, Eckhard"]
[Result "1/2-1/2"]
[WhiteElo "2419"]
[BlackElo "2208"]
[PlyCount "80"]
[EventDate "2022.??.??"]
[EventType "tourn (corr)"]
[EventRounds "14"]
[EventCountry "GER"]
[SourceTitle "Corr 2024"]
[Source "ChessBase"]
[SourceDate "2023.10.19"]
[SourceVersion "1"]
[SourceVersionDate "2023.10.19"]
[SourceQuality "1"]

1. d4 Nf6 2. c4 e6 3. Nc3 Bb4 4. Nf3 c5 5. g3 cxd4 6. Nxd4 0-0 7. Bg2 d5 8. Qb3 Bxc3+ 9. Qxc3 e5 10. Nb3 d4 11. Qa5 Qe8 12. 0-0 Nc6 13. Qc7 Rb8 14. f4 Bg4 15. fxe5 Nd7 16. Rf2 Ndxe5 17. Bf4 d3 18. exd3 Nxd3 19. Bxc6 bxc6 20. Qxb8 Nxf2 21. Qxe8 Nh3+ 22. Kf1 Rxe8 23. Re1 Rxe1+ 24. Kxe1 Nxf4 25. gxf4 Kf8 26. Nd4 Bd7 27. b4 Ke7 28. Kd2 Kd6 29. a3 h6 30. Ke3 g6 31. Ke4 f5+ 32. Ke3 g5 33. Nf3 g4 34. Ne5 Be8 35. a4 h5 36. h4 a6 37. a5 Bd7 38. c5+ Ke6 39. Nc4 Ke7 40. Kd4 Ke6 1/2-1/2

[Event "GER-ch52 final email"]
[Site "GER email"]
[Date "2022.04.15"]
[Round "?"]
[White "Mislin, Roger"]
[Black "Heide, Eckhard"]
[Result "1/2-1/2"]
[WhiteElo "2345"]
[BlackElo "2208"]
[PlyCount "77"]
[EventDate "2022.??.??"]
[EventType "tourn (corr)"]
[EventRounds "14"]
[EventCountry "GER"]
[SourceTitle "Corr 2024"]
[Source "ChessBase"]
[SourceDate "2023.10.19"]
[SourceVersion "1"]
[SourceVersionDate "2023.10.19"]
[SourceQuality "1"]

1. e4 e5 2. Nf3 Nc6 3. Bb5 a6 4. Ba4 Nf6 5. 0-0 Nxe4 6. d4 b5 7. Bb3 d5 8. dxe5 Be6 9. c3 Bc5 10. Qd3 0-0 11. Be3 f6 12. exf6 Qxf6 13. Nbd2 Bxe3 14. Qxe3 Nxd2 15. Qxd2 Rad8 16. Rae1 Na5 17. Bc2 Nc4 18. Qd3 Bf5 19. Qxf5 Qxf5 20. Bxf5 Rxf5 21. Re2 c5 22. Rd1 a5 23. h3 h6 24. b3 Nb6 25. Nh4 Rf6 26. Re7 Rdd6 27. Rde1 Rf7 28. Re8+ Kh7 29. Rb8 g5 30. Nf3 b4 31. cxb4 axb4 32. Ne5 Rc7 33. Kf1 c4 34. Nf3 d4 35. bxc4 d3 36. g3 Nxc4 37. Rxb4 d2 38. Rd1 Re6 39. a4 1/2-1/2

[Event "GER-ch52 final email"]
[Site "GER email"]
[Date "2022.04.15"]
[Round "?"]
[White "Woelfelschneider, Peter"]
[Black "Heide, Eckhard"]
[Result "1/2-1/2"]
[WhiteElo "2372"]
[BlackElo "2208"]
[PlyCount "63"]
[EventDate "2022.??.??"]
[EventType "tourn (corr)"]
[EventRounds "14"]
[EventCountry "GER"]
[SourceTitle "Corr 2024"]
[Source "ChessBase"]
[SourceDate "2023.10.19"]
[SourceVersion "1"]
[SourceVersionDate "2023.10.19"]
[SourceQuality "1"]

1. c4 e5 2. Nc3 Nf6 3. Nf3 Nc6 4. e4 Bb4 5. d3 d6 6. a3 Bc5 7. b4 Bb6 8. Be3 0-0 9. Be2 Bg4 10. 0-0 Bxf3 11. Bxf3 Nd4 12. Na4 Nxf3+ 13. Qxf3 Bxe3 14. Qxe3 Nh5 15. Nc3 Nf4 16. g3 Ne6 17. a4 f5 18. exf5 Nd4 19. Qe4 Rxf5 20. f4 c6 21. a5 Qe7 22. a6 bxa6 23. b5 axb5 24. Nxb5 d5 25. cxd5 cxb5 26. d6 Qf8 27. fxe5 Nf3+ 28. Rxf3 Rxf3 29. d7 Rd8 30. e6 Qe7 31. Qxf3 Qxe6 32. Rxa7 1/2-1/2

[Event "GER-ch52 final email"]
[Site "GER email"]
[Date "2022.04.15"]
[Round "?"]
[White "Zielinski, Sergej"]
[Black "Heide, Eckhard"]
[Result "1/2-1/2"]
[WhiteElo "2365"]
[BlackElo "2208"]
[PlyCount "99"]
[EventDate "2022.??.??"]
[EventType "tourn (corr)"]
[EventRounds "14"]
[EventCountry "GER"]
[SourceTitle "Corr 2024"]
[Source "ChessBase"]
[SourceDate "2023.10.19"]
[SourceVersion "1"]
[SourceVersionDate "2023.10.19"]
[SourceQuality "1"]

1. c4 e5 2. Nc3 Nf6 3. Nf3 Nc6 4. g3 d5 5. cxd5 Nxd5 6. Bg2 Nb6 7. 0-0 Be7 8. a3 0-0 9. b4 Be6 10. Rb1 f6 11. b5 Nd4 12. e3 Nxf3+ 13. Bxf3 Qc8 14. a4 a5 15. bxa6 Rxa6 16. d4 Rd8 17. Be4 exd4 18. exd4 f5 19. Bd3 Rxd4 20. Ne2 Rdxa4 21. Bxa6 Rxa6 22. Nd4 Bf7 23. Qf3 Ra5 24. Bf4 Bf6 25. Nb5 Bc4 26. Nxc7 Bxf1 27. Rxf1 Nd7 28. Re1 Ra1 29. Rxa1 Bxa1 30. Qd5+ Kh8 31. Qxf5 Bd4 32. h4 h6 33. Qf7 Ne5 34. Bxe5 Bxe5 35. Ne6 b5 36. h5 b4 37. Nf8 Bd6 38. Ng6+ Kh7 39. Qd5 Qb8 40. Qd3 Kg8 41. Qb3+ Kh7 42. Nh4 Kh8 43. Kh2 Qb6 44. Kg1 Qb8 45. Kh2 Qb6 46. Kg2 Qb5 47. Qe6 Qb8 48. Ng6+ Kh7 49. Qf5 Kg8 50. Qe6+ 1/2-1/2

[Event "GER-ch52 V10 email"]
[Site "GER email"]
[Date "2020.04.16"]
[Round "?"]
[White "Heide, Eckhard"]
[Black "Hildebrand, Gerald"]
[Result "1/2-1/2"]
[WhiteElo "2265"]
[BlackElo "2372"]
[PlyCount "77"]
[EventDate "2020.??.??"]
[EventType "tourn (corr)"]
[EventRounds "10"]
[EventCountry "GER"]
[SourceTitle "Corr 2022"]
[Source "ChessBase"]
[SourceDate "2021.10.24"]
[SourceVersion "1"]
[SourceVersionDate "2021.10.24"]
[SourceQuality "1"]

1. e4 c5 2. Nf3 d6 3. d4 cxd4 4. Nxd4 Nf6 5. Nc3 a6 6. Bg5 Nbd7 7. f4 Qc7 8. Qf3 h6 9. Bxf6 Nxf6 10. f5 Qc5 11. 0-0-0 g5 12. fxg6 Bg4 13. gxf7+ Kxf7 14. Qd3 Bxd1 15. Nxd1 Bg7 16. g3 Nxe4 17. Qxe4 Bxd4 18. Bd3 Ke8 19. Qxb7 Ra7 20. Qe4 Kd8 21. Rf1 d5 22. Qe6 Qd6 23. Qxd6+ exd6 24. Rf5 h5 25. Rxd5 Be5 26. Ne3 h4 27. Nc4 hxg3 28. hxg3 Bxg3 29. Nxd6 Bf4+ 30. Kd1 Rd7 31. Nb7+ Ke7 32. Rxd7+ Kxd7 33. Nc5+ Kc6 34. Nxa6 Rh1+ 35. Ke2 Kb6 36. b4 Ra1 37. Bc4 Rxa2 38. Bxa2 Kxa6 39. Bc4+ 1/2-1/2

[Event "GER-ch52 V10 email"]
[Site "GER email"]
[Date "2020.04.16"]
[Round "?"]
[White "Heide, Eckhard"]
[Black "Voetter, Hans Dieter"]
[Result "1-0"]
[WhiteElo "2265"]
[BlackElo "2073"]
[PlyCount "53"]
[EventDate "2020.??.??"]
[EventType "tourn (corr)"]
[EventRounds "10"]
[EventCountry "GER"]
[SourceTitle "Corr 2022"]
[Source "ChessBase"]
[SourceDate "2021.10.24"]
[SourceVersion "1"]
[SourceVersionDate "2021.10.24"]
[SourceQuality "1"]

1. e4 e5 2. Nf3 Nc6 3. Bb5 f5 4. d3 fxe4 5. dxe4 Nf6 6. 0-0 Bc5 7. Bxc6 bxc6 8. Nxe5 0-0 9. Nc3 d6 10. Na4 Bb6 11. Nxb6 axb6 12. Nxc6 Qe8 13. Nd4 Qxe4 14. f3 Qh4 15. Be3 Ra5 16. Qd2 Rh5 17. Bf4 Bd7 18. c4 h6 19. Bg3 Qg5 20. Bf4 Qg6 21. b4 Qf7 22. g4 Qg6 23. Qg2 Nxg4 24. fxg4 Qxg4 25. Qxg4 Bxg4 26. Bg3 Re8 27. Rfe1 1-0

[Event "GER-ch52 V10 email"]
[Site "GER email"]
[Date "2020.04.16"]
[Round "?"]
[White "Sabel, Reinhard"]
[Black "Heide, Eckhard"]
[Result "1/2-1/2"]
[WhiteElo "2337"]
[BlackElo "2265"]
[PlyCount "71"]
[EventDate "2020.??.??"]
[EventType "tourn (corr)"]
[EventRounds "10"]
[EventCountry "GER"]
[SourceTitle "Corr 2022"]
[Source "ChessBase"]
[SourceDate "2021.10.24"]
[SourceVersion "1"]
[SourceVersionDate "2021.10.24"]
[SourceQuality "1"]

1. d4 Nf6 2. Nf3 e6 3. c4 d5 4. Nc3 Be7 5. Bf4 0-0 6. e3 b6 7. Bd3 dxc4 8. Bxc4 Bb7 9. 0-0 Nbd7 10. Qe2 a6 11. Rfd1 b5 12. Bd3 Rc8 13. Ne5 h6 14. Rac1 c5 15. dxc5 Rxc5 16. Nxd7 Nxd7 17. Bh7+ Kh8 18. Bb1 Qc8 19. a3 Nb6 20. e4 Nc4 21. e5 Rd8 22. Rxd8+ Qxd8 23. Rd1 Qc8 24. Ne4 Rd5 25. Rxd5 Bxd5 26. Nd6 Nxd6 27. exd6 Bd8 28. h3 Qc4 29. Qe3 Bc6 30. f3 Bf6 31. Be5 Bxe5 32. Qxe5 Qc1+ 33. Kh2 Qxb1 34. Qc3 Bd7 35. Qc7 Qxb2 36. Qxd7 1/2-1/2

[Event "GER-ch52 V10 email"]
[Site "GER email"]
[Date "2020.04.16"]
[Round "?"]
[White "Schmidt, Joerg"]
[Black "Heide, Eckhard"]
[Result "1/2-1/2"]
[WhiteElo "2399"]
[BlackElo "2265"]
[PlyCount "43"]
[EventDate "2020.??.??"]
[EventType "tourn (corr)"]
[EventRounds "10"]
[EventCountry "GER"]
[SourceTitle "Corr 2022"]
[Source "ChessBase"]
[SourceDate "2021.10.24"]
[SourceVersion "1"]
[SourceVersionDate "2021.10.24"]
[SourceQuality "1"]

1. c4 Nf6 2. Nf3 e6 3. d4 d5 4. Nc3 c6 5. Bg5 Be7 6. e3 Nbd7 7. Bd3 0-0 8. 0-0 dxc4 9. Bxc4 b5 10. Bd3 Bb7 11. Rc1 a6 12. Ne4 Nxe4 13. Bxe7 Qxe7 14. Bxe4 Rac8 15. Nd2 f5 16. Bf3 e5 17. Nb3 e4 18. Be2 c5 19. Nxc5 Nxc5 20. dxc5 Rxc5 21. a4 Rxc1 22. Qxc1 1/2-1/2

[Event "GER CCM-E03-D email"]
[Site "GER email"]
[Date "2019.06.19"]
[Round "?"]
[White "Heide, Eckhard"]
[Black "Babychuk, Vladimir"]
[Result "1/2-1/2"]
[WhiteElo "2228"]
[BlackElo "2229"]
[PlyCount "120"]
[EventDate "2019.??.??"]
[EventType "tourn (corr)"]
[EventRounds "13"]
[EventCountry "GER"]
[SourceTitle "Corr 2022"]
[Source "ChessBase"]
[SourceDate "2021.10.24"]
[SourceVersion "1"]
[SourceVersionDate "2021.10.24"]
[SourceQuality "1"]

1. e4 c5 2. Nf3 Nc6 3. Bb5 g6 4. Bxc6 dxc6 5. d3 Bg7 6. h3 Nf6 7. Nc3 0-0 8. Be3 b6 9. Qd2 e5 10. Bh6 Re8 11. Bxg7 Kxg7 12. g4 a5 13. Ne2 Qe7 14. Ng3 a4 15. g5 Nd7 16. h4 Kg8 17. 0-0-0 Nf8 18. Rdg1 Bg4 19. Nh2 Be6 20. Kb1 c4 21. Ngf1 Red8 22. Ne3 cxd3 23. cxd3 a3 24. b3 Nd7 25. Nhg4 Nc5 26. Nf6+ Kf8 27. h5 Qd6 28. Nxh7+ Ke7 29. Nf6 Qd4 30. Rc1 Bxb3 31. Qc3 Be6 32. h6 Ra5 33. Qxd4 exd4 34. h7 Rh8 35. Nc2 Nxd3 36. Nxd4 Nxc1 37. Nxc6+ Kd6 38. Nxa5 Nxa2 39. Nd5 Bxd5 40. exd5 Nc3+ 41. Kc2 bxa5 42. Kxc3 Kxd5 43. Kd3 Kc5 44. Kc3 Kd5 45. Kd3 Ke5 46. Ke3 Kf5 47. Ra1 Rxh7 48. Rxa3 Kxg5 49. Rxa5+ f5 50. Kf3 Rb7 51. Kg3 Kh5 52. Rc5 Rb2 53. Rd5 Rb3+ 54. f3 Rb2 55. Rc5 Rb1 56. Rd5 Rg1+ 57. Kf2 Rg5 58. Rd8 Kh4 59. f4 Rg3 60. Rg8 Kh3 1/2-1/2

[Event "GER CCM-E03-D email"]
[Site "GER email"]
[Date "2019.06.19"]
[Round "?"]
[White "Heide, Eckhard"]
[Black "Pereira, Nuno Miguel F"]
[Result "1/2-1/2"]
[WhiteElo "2228"]
[BlackElo "2226"]
[PlyCount "56"]
[EventDate "2019.??.??"]
[EventType "tourn (corr)"]
[EventRounds "13"]
[EventCountry "GER"]
[SourceTitle "Corr 2022"]
[Source "ChessBase"]
[SourceDate "2021.10.24"]
[SourceVersion "1"]
[SourceVersionDate "2021.10.24"]
[SourceQuality "1"]

1. e4 c5 2. Nf3 d6 3. d4 cxd4 4. Nxd4 Nf6 5. Nc3 a6 6. h3 e5 7. Nde2 h5 8. Bg5 Be7 9. Ng3 h4 10. Nf5 Bxf5 11. exf5 Nc6 12. Bc4 Rc8 13. 0-0 Nd4 14. Bxf6 Bxf6 15. Bd5 Qd7 16. Be4 Nxf5 17. Bxf5 Qxf5 18. Qxd6 Rd8 19. Qb4 b5 20. Rad1 Rxd1 21. Rxd1 Be7 22. Qa5 0-0 23. Qxa6 Bc5 24. Rf1 Bd4 25. Qxb5 Qxc2 26. a4 Bxc3 27. bxc3 Qxc3 28. Qd5 g6 1/2-1/2

[Event "GER CCM-E03-D email"]
[Site "GER email"]
[Date "2019.06.19"]
[Round "?"]
[White "Lemke, Burghard"]
[Black "Heide, Eckhard"]
[Result "1/2-1/2"]
[WhiteElo "2226"]
[BlackElo "2228"]
[PlyCount "64"]
[EventDate "2019.??.??"]
[EventType "tourn (corr)"]
[EventRounds "13"]
[EventCountry "GER"]
[SourceTitle "Corr 2022"]
[Source "ChessBase"]
[SourceDate "2021.10.24"]
[SourceVersion "1"]
[SourceVersionDate "2021.10.24"]
[SourceQuality "1"]

1. e4 e5 2. Nf3 Nc6 3. Bb5 a6 4. Ba4 Nf6 5. d3 d6 6. c3 g6 7. 0-0 Bg7 8. Re1 0-0 9. h3 b5 10. Bc2 Bb7 11. Nbd2 Ne7 12. b4 a5 13. a4 axb4 14. cxb4 bxa4 15. Nc4 Nc6 16. b5 Nd4 17. Nxd4 exd4 18. Bd2 Nd7 19. Rxa4 Rxa4 20. Bxa4 Nc5 21. Bb4 Qg5 22. Bd2 Qh4 23. Bc2 Rb8 24. Bb4 Qg5 25. b6 Qd8 26. Ba5 cxb6 27. Bxb6 Qe7 28. Bxc5 dxc5 29. Na5 Ba8 30. Nc4 Qc7 31. Bb3 Bh6 32. Ba2 Bc6 1/2-1/2

[Event "GER CCM-E02-D email"]
[Site "GER email"]
[Date "2018.06.19"]
[Round "?"]
[White "Gonzalez Sanchez, Federico"]
[Black "Heide, Eckhard"]
[Result "1/2-1/2"]
[WhiteElo "2278"]
[BlackElo "2222"]
[PlyCount "61"]
[EventDate "2018.??.??"]
[EventType "tourn (corr)"]
[EventRounds "13"]
[EventCountry "GER"]
[SourceTitle "Corr 2020"]
[Source "ChessBase"]
[SourceDate "2019.09.30"]
[SourceVersion "1"]
[SourceVersionDate "2019.09.30"]
[SourceQuality "1"]

1. e4 c5 2. Nf3 Nc6 3. Bb5 e6 4. 0-0 Nge7 5. Bd3 d5 6. Re1 d4 7. e5 Ng6 8. a4 Qc7 9. Bxg6 hxg6 10. Qe2 Be7 11. Na3 f6 12. c3 g5 13. h3 f5 14. d3 Qd8 15. Nb5 Kf8 16. Bd2 Kg8 17. cxd4 g4 18. hxg4 fxg4 19. Nh2 a6 20. Nd6 Nxd4 21. Qxg4 Bxd6 22. exd6 Qxd6 23. Bf4 Qe7 24. Rac1 Bd7 25. Be3 Qd6 26. Qg3 Qxg3 27. fxg3 Nb3 28. Rc3 Bxa4 29. Bxc5 Nxc5 30. Rxc5 Bb3 31. Nf3 1/2-1/2

[Event "GER CCM-E02-D email"]
[Site "GER email"]
[Date "2018.06.19"]
[Round "?"]
[White "Heide, Eckhard"]
[Black "Baroin, Bernard"]
[Result "1/2-1/2"]
[WhiteElo "2222"]
[BlackElo "2259"]
[PlyCount "70"]
[EventDate "2018.??.??"]
[EventType "tourn (corr)"]
[EventRounds "13"]
[EventCountry "GER"]
[SourceTitle "Corr 2020"]
[Source "ChessBase"]
[SourceDate "2019.09.30"]
[SourceVersion "1"]
[SourceVersionDate "2019.09.30"]
[SourceQuality "1"]

1. d4 Nf6 2. c4 e6 3. Nf3 d5 4. Nc3 c6 5. Bg5 h6 6. Bxf6 Qxf6 7. e3 g6 8. Bd3 Bg7 9. 0-0 0-0 10. e4 dxe4 11. Nxe4 Qd8 12. c5 Bxd4 13. Nxd4 Qxd4 14. Qc2 Nd7 15. Rad1 Qg7 16. Qc1 b6 17. b4 bxc5 18. bxc5 Nf6 19. Nd6 Nd5 20. Bc4 a5 21. Rfe1 a4 22. h3 a3 23. Bb3 g5 24. Rd2 Ra5 25. Rc2 Ra8 26. Qd1 Ba6 27. Rd2 Qf6 28. Ne4 Qg6 29. Qf3 Qf5 30. Qxf5 exf5 31. Bxd5 cxd5 32. Nd6 Bc8 33. f4 Be6 34. fxg5 hxg5 35. Rf2 d4 1/2-1/2

[Event "GER CCM-E02-D email"]
[Site "GER email"]
[Date "2018.06.19"]
[Round "?"]
[White "Heide, Eckhard"]
[Black "Jambrich, Jaromir"]
[Result "1/2-1/2"]
[WhiteElo "2222"]
[BlackElo "2246"]
[PlyCount "63"]
[EventDate "2018.??.??"]
[EventType "tourn (corr)"]
[EventRounds "13"]
[EventCountry "GER"]
[SourceTitle "Corr 2020"]
[Source "ChessBase"]
[SourceDate "2019.09.30"]
[SourceVersion "1"]
[SourceVersionDate "2019.09.30"]
[SourceQuality "1"]

1. e4 e5 2. Nf3 Nc6 3. Bb5 Nf6 4. d3 Bc5 5. c3 0-0 6. 0-0 d6 7. Nbd2 a6 8. Ba4 Ba7 9. h3 Ne7 10. Re1 Ng6 11. Nf1 c6 12. Ng3 d5 13. exd5 Nxd5 14. Bb3 Qc7 15. d4 exd4 16. Nxd4 Bd7 17. Bxd5 cxd5 18. Be3 f5 19. Ne6 Bxe6 20. Bxa7 f4 21. Nh5 Qd7 22. Bd4 Bxh3 23. Bxg7 Bg4 24. Bxf8 Rxf8 25. Re8 Qxe8 26. Qxg4 Qe5 27. Kf1 Qf5 28. Qxf5 Rxf5 29. g4 fxg3 30. Nxg3 Rf3 31. Ke2 Rf6 32. Rh1 1/2-1/2

[Event "GER CCM-E02-D email"]
[Site "GER email"]
[Date "2018.06.19"]
[Round "?"]
[White "Kratochvil, Vaclav"]
[Black "Heide, Eckhard"]
[Result "1-0"]
[WhiteElo "2245"]
[BlackElo "2222"]
[PlyCount "117"]
[EventDate "2018.??.??"]
[EventType "tourn (corr)"]
[EventRounds "13"]
[EventCountry "GER"]
[SourceTitle "Corr 2020"]
[Source "ChessBase"]
[SourceDate "2019.09.30"]
[SourceVersion "1"]
[SourceVersionDate "2019.09.30"]
[SourceQuality "1"]

1. d4 Nf6 2. c4 e6 3. Nf3 b6 4. g3 Ba6 5. b3 Bb7 6. Bg2 Bb4+ 7. Bd2 a5 8. 0-0 0-0 9. Qc2 d6 10. Bc3 d5 11. Bb2 c6 12. Nbd2 Nbd7 13. e4 dxe4 14. Nxe4 Nxe4 15. Qxe4 Be7 16. Rfd1 Qc7 17. Ne1 a4 18. Rac1 Nf6 19. Qe2 axb3 20. axb3 Ra2 21. Rc2 Rd8 22. Nd3 Qb8 23. Ne5 Qa8 24. h3 Nd7 25. Nd3 h6 26. Nf4 Bf8 27. Nh5 g6 28. Nf4 Re8 29. Qd2 Rd8 30. h4 b5 31. Nd3 bxc4 32. bxc4 h5 33. Qg5 Re8 34. Nc5 Bc8 35. Ne4 Bg7 36. Rcd2 Nb6 37. Nd6 Rf8 38. Bc3 Ra3 39. Bb4 Ra4 40. Rb1 Ra1 41. Rxa1 Qxa1+ 42. Kh2 Nd7 43. Bxc6 Nf6 44. Kg2 Bd7 45. Bf3 Rb8 46. Qa5 Qxa5 47. Bxa5 Bf8 48. Ne4 Nxe4 49. Bxe4 Bh6 50. Rd1 Rc8 51. c5 Bg7 52. f4 Bc6 53. Bxc6 Rxc6 54. Bb6 Kf8 55. Kf3 Rc8 56. Ke4 Ra8 57. c6 f5+ 58. Kd3 Ke8 59. Kc4 1-0

[Event "GER CCM-E02-D email"]
[Site "GER email"]
[Date "2018.06.19"]
[Round "?"]
[White "Schmalz, Peter"]
[Black "Heide, Eckhard"]
[Result "1/2-1/2"]
[WhiteElo "2257"]
[BlackElo "2222"]
[PlyCount "59"]
[EventDate "2018.??.??"]
[EventType "tourn (corr)"]
[EventRounds "13"]
[EventCountry "GER"]
[SourceTitle "Corr 2020"]
[Source "ChessBase"]
[SourceDate "2019.09.30"]
[SourceVersion "1"]
[SourceVersionDate "2019.09.30"]
[SourceQuality "1"]

1. d4 d5 2. c4 e6 3. Nf3 Nf6 4. Nc3 c6 5. Bg5 h6 6. Bh4 dxc4 7. e4 g5 8. Bg3 b5 9. Be2 Bb7 10. 0-0 Nbd7 11. Ne5 Bg7 12. Nxd7 Nxd7 13. Bd6 a6 14. e5 c5 15. d5 Nxe5 16. dxe6 Nd3 17. exf7+ Kxf7 18. Bxd3 cxd3 19. Qxd3 Qf6 20. Qg3 Rad8 21. Rad1 Qf5 22. f4 g4 23. Be5 Rhe8 24. Rxd8 Rxd8 25. Bxg7 Rd2 26. Rf2 Rxf2 27. Qxf2 Kxg7 28. a3 Qe6 29. Qd2 Bc6 30. Ne2 1/2-1/2

[Event "GER CCM-E02-D email"]
[Site "GER email"]
[Date "2018.06.19"]
[Round "?"]
[White "Walther, Joachim"]
[Black "Heide, Eckhard"]
[Result "1/2-1/2"]
[WhiteElo "2189"]
[BlackElo "2222"]
[PlyCount "101"]
[EventDate "2018.??.??"]
[EventType "tourn (corr)"]
[EventRounds "13"]
[EventCountry "GER"]
[SourceTitle "Corr 2022"]
[Source "ChessBase"]
[SourceDate "2021.10.24"]
[SourceVersion "1"]
[SourceVersionDate "2021.10.24"]
[SourceQuality "1"]

1. c4 e5 2. Nc3 Nf6 3. Nf3 Nc6 4. g3 d5 5. cxd5 Nxd5 6. Bg2 Nb6 7. 0-0 Be7 8. a3 0-0 9. b4 Be6 10. Rb1 f6 11. d3 Nd4 12. Bd2 c6 13. Nxd4 exd4 14. Ne4 Bd5 15. Qc2 Nd7 16. Rfc1 Re8 17. a4 Nf8 18. Bh3 Ne6 19. e3 Kh8 20. Qb2 dxe3 21. Bxe3 Bd6 22. f4 Bf8 23. Bf2 Nc7 24. Bg4 Be6 25. Bh5 Re7 26. Bc5 Rd7 27. Bxf8 Qxf8 28. Nc5 Re7 29. Nxb7 Bf7 30. Bg4 Bd5 31. Nd6 Rd8 32. Nf5 Ree8 33. Nd4 Qd6 34. Qc3 g6 35. Qc5 h5 36. Qxd6 Rxd6 37. Bh3 Ba2 38. Ra1 Rxd4 39. Rxa2 Nd5 40. b5 cxb5 41. axb5 Re7 42. Rc8+ Kg7 43. Ra8 Rb4 44. R8xa7 Rxb5 45. Rxe7+ Nxe7 46. Be6 g5 47. Kf2 gxf4 48. gxf4 Nf5 49. Bxf5 Rxf5 50. Ke3 Rb5 51. h4 1/2-1/2